000 00562nam a2200229Ia 4500
003 OSt
005 20220924143025.0
006 a|||||r|||| 00| 0
007 ta
008 220923b |||||||| |||| 00| 0 pan d
024 _a304410
037 _cTextual
040 _aARTS
_cARTS
_bpan
041 _2pan
_apan
082 _aU8.1.N68, 153L6
100 _aSingh Bhajan
_9214628
245 0 _aMeri videsh yatra
260 _c1976
650 _aGEOGRAPHY
942 _hU8.1.N68, 153L6
_cTEXL
_2CC
999 _c452931
_d452931